00365 2200145 4500001002100000005001500021035002000036245004800056100001800104250000600122260004500128082000800173084001400181990002400195INLIS00000000000254120250604122350 a0010-06250001271 aTeladan Dari Desa Bapangan /cSri Saraswati0 aSri Saraswati a1 aJakarta :bTropicasurya Inticipta,c2000 a800 a800 SRI t a000.0285 s/d 00.029